000 00838nas a2200277 4500
001 BR0001421
003 BR-BrBNA
005 20231205101803.0
007 ta
008 230509b bl.|||p| |||| 00| 00por d
040 _aBR-BrBNA
_bpor
_cBiblioteca Nacional de Agricultura
041 _a(Pt)
072 _aF70
100 1 _aGarcia, F.C.P.
100 1 _aMonteiro, R.
245 1 _aLeguminosae-papilionoideae de uma floresta pluvial de planicie costeira em Picinguaba, Municipio de Ubatuba, SP, Brasil
650 _aPapilionoideae
650 _aLeguminosae
650 _aPlanicie
650 _aTaxonomia Vegetal
650 _aMorfologia Vegetal
650 _aSao Paulo
773 0 _tNaturalia (Brazil)
_xISSN 0101-1944
_g(1997), v. 22 p. 17-60
_wBR0001421
909 _a202311
_bLúcia
_c55
_dLúcia Elande
942 _2AGRIS
_n0
_cANA
999 _c163908
_d163908